Dos estudios de Literatura Española (Record no. 96657)

MARC details
000 -LEADER
campo de control de longitud fija 00853nam a2200229 i 4500
001 - NÚMERO DE CONTROL
campo de control 96657
003 - IDENTIFICADOR DE NÚMERO DE CONTROL
campo de control ES-MaACL
005 - FECHA Y HORA DE LA ÚLTIMA TRANSACCIÓN
campo de control 20231129144324.0
007 - CAMPO FIJO DE DESCRIPCIÓN FÍSICA--INFORMACIÓN GENERAL
campo de control de longitud fija t|
008 - DATOS DE LONGITUD FIJA--INFORMACIÓN GENERAL
campo de control de longitud fija 050629s1970 sp ||||1| spa d
100 1# - ENTRADA PRINCIPAL--NOMBRE DE PERSONA
Nombre de persona Mancini, Guido.
9 (RLIN) 75929
245 10 - MENCIÓN DEL TÍTULO
Título Dos estudios de Literatura Española
Resto del título : Introducción al "Palmerín de Olivia". Perfil de Leandro Fernández de Moratín /
Mención de responsabilidad, etc. Guido Mancini; [traducción de Gloria Arizmendi y Encarnación Didi].
250 ## - MENCION DE EDICION
Mención de edición [1ª ed.].
260 ## - PUBLICACIÓN, DISTRIBUCIÓN, ETC.
Lugar de publicación, distribución, etc. Barcelona :
Nombre del editor, distribuidor, etc. Planeta,
Fecha de publicación, distribución, etc. 1970.
300 ## - DESCRIPCIÓN FÍSICA
Extensión 340 p. ;
Dimensiones 22 cm.
600 17 - PUNTO DE ACCESO ADICIONAL DE MATERIA--NOMBRE DE PERSONA
Nombre de persona Fernández de Moratín, Leandro,
Fechas asociadas al nombre 1760-1828-
Subdivisión general Crítica e interpretación
Fuente del encabezamiento o término
9 (RLIN) 143062
700 1# - ENTRADA AGREGADA--NOMBRE PERSONAL
Nombre de persona Arizmendi, Gloria.
9 (RLIN) 22879
700 1# - ENTRADA AGREGADA--NOMBRE PERSONAL
Nombre de persona Didi, Encarnación.
9 (RLIN) 44513
740 0# - ENTRADA AGREGADA--TÍTULO RELACIONADO/ANALÍTICO NO CONTROLADO
Título relacionado o analítico no controlado Palmerín de Olivia.
852 ## - LOCALIZACIÓN
Ubicación ES-MaACL
Número de control de estantería C-38587
Sublocalización o colección R.74048
Holdings
Estatus retirado Estado de pérdida Estado de daño No para préstamo Biblioteca de origen Biblioteca actual Ubicación en estantería Fecha de adquisición Fuente de adquisición Total de préstamos Signatura topográfica completa Código de barras Visto por última vez Precio de reemplazo Tipo de ítem Koha
        Biblioteca del Ateneo de Madrid Biblioteca del Ateneo de Madrid Depósito 2 17/01/2008     C-38587 1100909 23/02/2023 23/02/2023 Libro impreso